| 000 | 00586nam a22002417a 4500 | ||
|---|---|---|---|
| 003 | UA-OsUOA | ||
| 001 | 31109 | ||
| 007 | ta | ||
| 008 | 20041202b un ||||| |||| 00| 0 ukr d | ||
| 100 | _aЛесков А. М. | ||
| 090 |
_a930.26 _bЛ50 |
||
| 942 | _cBK | ||
| 040 |
_aUA-OsUOA _brus _cUA-OsUOA _dUA-OsUOA |
||
| 245 | _aКурганы: находки, проблемы | ||
| 300 |
_a168 с. _bІлюстрації |
||
| 955 | _a0 | ||
| 041 | _arus | ||
| 080 | _a930.26 | ||
| 260 |
_aЛенинград _bНаука _c1981 |
||
| 044 | _aRU | ||
| 650 | 7 | _2UDC | |
| 999 |
_c317530 _d317530 |
||